书目信息 |
| 题名: |
歌曲写作与创编实用教程
|
|
| 作者: | 康华 , 郭建波 , 黄丽 编著 | |
| 分册: | ||
| 出版信息: | 沈阳 辽宁大学出版社 2020.3 |
|
| 页数: | ||
| 开本: | 24cm,249页 | |
| 丛书名: | ||
| 单 册: | ||
| 中图分类: | J614.5 | |
| 科图分类: | ||
| 主题词: | 歌曲作法--高等师范院校--教材 | |
| 电子资源: | ||
| ISBN: | 978-7-5610-9860-8 | |
| 000 | 01131nam0 2200253 45 | |
| 001 | 490133 | |
| 005 | 20140817190421.0 | |
| 010 | @a978-7-5610-9860-8@dCNY58.00 | |
| 100 | @a20191227d2019 em y0chiy0110 ea | |
| 101 | 0 | @achi |
| 102 | @aCN@b210000 | |
| 105 | @ay z 000yy | |
| 106 | @ar | |
| 200 | 1 | @a歌曲写作与创编实用教程@Age qu xie zuo yu chuang bian shi yong jiao cheng@f康华, 郭建波, 黄丽编著 |
| 210 | @a沈阳@c辽宁大学出版社@d2020.3 | |
| 215 | @d24cm,249页 | |
| 330 | @a本教程以教育部颁布的《高师院校歌曲写作教学大纲》为基本内容进行酝酿、撰写,重点参考国内相关文献资料,特别是在各地方高校较为普遍使用的相关教材,总结业内人士的经验教训,结合地方本科院校歌曲分析与写作课程的教材使用、教学现状,特别针对应用型人才培养的目标进行构思。本教程将按照应用型本科人才培养目标的要求,紧紧围绕中小学基础音乐教育和社会音乐教育、群众文化部门对人才的需求,重点培养音乐学专业学生。 | |
| 606 | 0 | @a歌曲作法@x高等师范院校@j教材 |
| 690 | @aJ614.5@v5 | |
| 701 | 0 | @a康华@Akang hua@4编著 |
| 701 | 0 | @a郭建波@Aguo jian bo@4编著 |
| 701 | 0 | @a黄丽@Ahuang li@4编著 |
| 801 | @aCN@b江苏凤凰@c20211018 | |
| 905 | @b1355765-8@dJ614.5@e1440@f4 | |
| 歌曲写作与创编实用教程/康华, 郭建波, 黄丽编著.-沈阳:辽宁大学出版社,2020.3 |
| 24cm,249页 |
| ISBN 978-7-5610-9860-8:CNY58.00 |
| 本教程以教育部颁布的《高师院校歌曲写作教学大纲》为基本内容进行酝酿、撰写,重点参考国内相关文献资料,特别是在各地方高校较为普遍使用的相关教材,总结业内人士的经验教训,结合地方本科院校歌曲分析与写作课程的教材使用、教学现状,特别针对应用型人才培养的目标进行构思。本教程将按照应用型本科人才培养目标的要求,紧紧围绕中小学基础音乐教育和社会音乐教育、群众文化部门对人才的需求,重点培养音乐学专业学生。 |
| ● |
| 相关链接 |
|
|
|
|
正题名:歌曲写作与创编实用教程
索取号:J614.5/1440
 
预约/预借
| 序号 | 登录号 | 条形码 | 馆藏地/架位号 | 状态 | 备注 |
| 1 | 1355765 | 213557658 | 第一样本阅览室/ [索取号:J614.5/1440] | 在馆 | |
| 2 | 1355766 | 213557667 | 第一借阅区/ [索取号:J614.5/1440] | 在馆 | |
| 3 | 1355767 | 213557676 | 第一借阅区/ [索取号:J614.5/1440] | 在馆 | |
| 4 | 1355768 | 213557685 | 第一借阅区/ [索取号:J614.5/1440] | 在馆 |